000 00314nab a22001097u 4500
008 130520b1982 xxu||||| |||| 00| 0 spa d
041 _aspa
100 1 _aDuquoc, Christian
_93402
245 0 0 _aLa oración de Jesús
_cChristian Duquoc
773 0 _tConcilium
_gV.3,1982,págs.314-324
_x0210-1041
_wRev134
942 _cAR
999 _c354892
_d354892